Loading...
Fine Arts - Classical Music | 0 | 10 | 0 | 0 | 100 | 18 | 47.90 | 6 | 9 |
Science - Physics | 0 | 7 | 0 | 0 | 70 | 31 | 48.57 | 3 | 6 |
Fine Arts - Visual Fine Arts | 0 | 4 | 0 | 0 | 40 | 39 | 82.00 | 1 | 1 |
Literature - British Literature | 0 | 3 | 0 | 1 | 30 | 90 | 106.00 | 0 | 2 |
Fine Arts - Other Fine Arts | 0 | 3 | 1 | 0 | 25 | 68 | 83.33 | 0 | 3 |
Other Academic | 0 | 2 | 0 | 0 | 20 | 97 | 97.00 | 0 | 0 |
Literature - American Literature | 0 | 2 | 0 | 0 | 20 | 13 | 30.50 | 1 | 2 |
Religion | 0 | 2 | 0 | 0 | 20 | 93 | 93.00 | 0 | 2 |
Mythology | 0 | 1 | 0 | 0 | 10 | 104 | 104.00 | 0 | 0 |
Social Science | 0 | 1 | 0 | 0 | 10 | 58 | 58.00 | 0 | 1 |
Science - Biology | 0 | 1 | 0 | 0 | 10 | 72 | 72.00 | 0 | 1 |
History - World History | 0 | 1 | 0 | 0 | 10 | 42 | 42.00 | 0 | 1 |
Pop Culture | 0 | 1 | 0 | 0 | 10 | 42 | 42.00 | 0 | 1 |
Literature - European Literature | 0 | 1 | 1 | 0 | 5 | 47 | 47.00 | 0 | 1 |
Science - Other Science | 0 | 1 | 2 | 0 | 0 | 87 | 87.00 | 0 | 0 |
Philosophy | 0 | 0 | 1 | 0 | -5 | 0.00 | 0 | 0 |